| 000 | 00425nam a22001577a 4500 | ||
|---|---|---|---|
| 003 | OSt | ||
| 008 | 240224b |||||||| |||| 00| 0 eng d | ||
| 020 | _a9789353451141 | ||
| 082 |
_a658 _bSIC |
||
| 100 | _aSITAPATI, Sudhir | ||
| 245 | _aThe CEO Factory: management lessons from hindustan unilever. | ||
| 260 |
_aNew Delhi: _bJuggernaut Books, _c2019. |
||
| 300 | _axxvi,243p. | ||
| 650 | _aGeneral Books | ||
| 942 |
_2ddc _cREF |
||
| 999 |
_c12785 _d12785 |
||